[Event "Gallarate Ricciardi op"]
[Site "Gallarate"]
[Date "2016.05.17"]
[Round "1"]
[White "Pogliano, Stefano"]
[Black "Colusso, Ermes"]
[Result "0-1"]
[WhiteElo "1926"]
[BlackElo "1745"]
[PlyCount "70"]
[EventDate "2016.05.17"]
[EventType "swiss"]
[EventRounds "6"]
[EventCountry "ITA"]
[SourceTitle "EXT 2018"]
[Source "ChessBase"]
[SourceDate "2017.10.13"]
[SourceVersion "1"]
[SourceVersionDate "2017.10.13"]
[SourceQuality "1"]

1. e4 c5 2. Nf3 d6 3. d4 cxd4 4. Nxd4 Nf6 5. Bd3 Nc6 6. Nxc6 bxc6 7. 0-0 g6 8. c4 Bg7 9. Nc3 0-0 10. Qc2 Rb8 11. Rb1 Qc7 12. Bf4 Ng4 13. Rfd1 Be6 14. Bf1 Ne5 15. b3 Rbd8 16. Rd2 f5 17. Re1 fxe4 18. Bxe5 Bxe5 19. Nxe4 Bf5 20. Bd3 Qa5 21. Rde2 Bd4 22. Rf1 e5 23. Ng5 Bxd3 24. Qxd3 Rf6 25. Qh3 Qc7 26. Ne6 Qd7 27. Nxd8 Qxd8 28. Kh1 d5 29. Qd3 Qd6 30. f3 Rf4 31. Rfe1 Rh4 32. h3 Qf6 33. Rc1 Qf4 34. Rcc2 Qg3 35. cxd5 Rxh3+ 0-1

[Event "Robecchetto Primavera op 12th"]
[Site "Robecchetto"]
[Date "2015.04.23"]
[Round "4"]
[White "Serrao, Piergiorgio"]
[Black "Colusso, Ermes"]
[Result "0-1"]
[WhiteElo "1682"]
[BlackElo "1752"]
[PlyCount "78"]
[EventDate "2015.04.02"]
[EventType "swiss"]
[EventRounds "7"]
[EventCountry "ITA"]
[SourceTitle "EXT 2017"]
[Source "ChessBase"]
[SourceDate "2016.10.25"]
[SourceVersion "1"]
[SourceVersionDate "2016.10.25"]
[SourceQuality "1"]

1. d4 Nf6 2. c4 c5 3. d5 e6 4. Nc3 exd5 5. cxd5 d6 6. e4 g6 7. h3 Bg7 8. Nf3 0-0 9. Bd3 Na6 10. 0-0 Re8 11. Re1 Nc7 12. Qc2 a6 13. a4 Rb8 14. a5 Bd7 15. Bf4 Bb5 16. Nd2 Qd7 17. Nc4 Bxc4 18. Bxc4 b5 19. axb6 Rxb6 20. f3 Nb5 21. Rxa6 Nd4 22. Qd1 Rxa6 23. Bxa6 Rb8 24. Qd2 Nh5 25. Bh2 h6 26. Rb1 g5 27. Bf1 Rb6 28. Nd1 Rb3 29. Kh1 Qe7 30. Ne3 Be5 31. Nf5 Nxf5 32. exf5 Bxh2 33. Kxh2 Qe5+ 34. Kg1 Qxf5 35. Rd1 Qf6 36. Rb1 Ng3 37. Bc4 Qf5 38. Bxb3 Qxb1+ 39. Kh2 Nf1+ 0-1

[Event "Varese op 13th"]
[Site "Varese"]
[Date "2014.10.12"]
[Round "5"]
[White "Colusso, Ermes"]
[Black "Ronconi, Fausto"]
[Result "1-0"]
[WhiteElo "1751"]
[BlackElo "1689"]
[PlyCount "69"]
[EventDate "2014.10.10"]
[EventType "swiss"]
[EventRounds "5"]
[EventCountry "ITA"]
[SourceTitle "EXT 2016"]
[Source "ChessBase"]
[SourceDate "2015.10.08"]
[SourceVersion "1"]
[SourceVersionDate "2015.10.08"]
[SourceQuality "1"]

1. e4 e6 2. d4 d5 3. Nd2 dxe4 4. Nxe4 Nd7 5. Nf3 Ngf6 6. Nxf6+ Nxf6 7. Bd3 Be7 8. 0-0 0-0 9. c3 c5 10. Bf4 b6 11. Qe2 Bb7 12. Rfd1 cxd4 13. Nxd4 Qd5 14. f3 Bc5 15. Kh1 Rfe8 16. Nb5 e5 17. Bxh7+ Kxh7 18. Rxd5 exf4 19. Qc2+ Kg8 20. Rdd1 Ba6 21. Nc7 Re2 22. Rd2 Rxd2 23. Qxd2 Be3 24. Qd6 Ne8 25. Nxe8 Rxe8 26. Qd7 Re6 27. Rd1 Be2 28. Qc8+ Kh7 29. Rd8 Bf2 30. Rd2 Bc4 31. g3 fxg3 32. hxg3 Rh6+ 33. Kg2 Be6 34. Qd8 Be3 35. Qd3+ 1-0

[Event "Gallarate Ricciardi op 18th"]
[Site "Gallarate"]
[Date "2014.06.17"]
[Round "6"]
[White "Vada, Riccardo"]
[Black "Colusso, Ermes"]
[Result "0-1"]
[WhiteElo "1653"]
[BlackElo "1718"]
[PlyCount "50"]
[EventDate "2014.05.13"]
[EventType "swiss"]
[EventRounds "6"]
[EventCountry "ITA"]
[SourceTitle "EXT 2024"]
[Source "ChessBase"]
[SourceDate "2023.10.10"]
[SourceVersion "1"]
[SourceVersionDate "2023.10.10"]
[SourceQuality "1"]

1. e4 c5 2. Nf3 d6 3. d4 cxd4 4. Nxd4 Nf6 5. Nc3 g6 6. f3 Bg7 7. Be3 0-0 8. Qd2 Nc6 9. h4 h5 10. Be2 Qa5 11. Nb3 Qc7 12. 0-0-0 Kh7 13. Rdg1 Ne5 14. g4 Nc4 15. Bxc4 Qxc4 16. gxh5 Nxh5 17. Nd5 e5 18. Rg5 Be6 19. Rxh5+ gxh5 20. Rg1 Rg8 21. Ne7 Bh3 22. Nxg8 Rxg8 23. Rg5 Bh6 24. Rxh5 Rg1+ 25. Bxg1 Qf1# 0-1

[Event "Varese Province-ch"]
[Site "Gallarate"]
[Date "2013.01.27"]
[Round "5"]
[White "Colusso, Ermes"]
[Black "Mondini, Francesco"]
[Result "1-0"]
[WhiteElo "1714"]
[BlackElo "1527"]
[PlyCount "45"]
[EventDate "2013.01.19"]
[EventType "swiss"]
[EventRounds "6"]
[EventCountry "ITA"]
[SourceTitle "EXT 2024"]
[Source "ChessBase"]
[SourceDate "2023.10.10"]
[SourceVersion "1"]
[SourceVersionDate "2023.10.10"]
[SourceQuality "1"]

1. e4 e6 2. d4 d5 3. Nd2 c5 4. c3 Nc6 5. Bb5 Qb6 6. Bxc6+ Qxc6 7. exd5 Qxd5 8. Ngf3 cxd4 9. cxd4 Nf6 10. 0-0 Be7 11. Re1 0-0 12. a3 Bd7 13. Nf1 Bc6 14. Bf4 Qf5 15. Qd2 Bxf3 16. gxf3 Nh5 17. Bg3 Qxf3 18. Re3 Qd5 19. Re5 Qd7 20. Rxh5 Rad8 21. Rd1 g6 22. Rh3 e5 23. Qh6 1-0

[Event "Varese Province-ch"]
[Site "Gallarate"]
[Date "2013.01.20"]
[Round "2"]
[White "Tomassoni, Leonardo"]
[Black "Colusso, Ermes"]
[Result "1/2-1/2"]
[WhiteElo "1853"]
[BlackElo "1714"]
[PlyCount "89"]
[EventDate "2013.01.19"]
[EventType "swiss"]
[EventRounds "6"]
[EventCountry "ITA"]
[SourceTitle "EXT 2024"]
[Source "ChessBase"]
[SourceDate "2023.10.10"]
[SourceVersion "1"]
[SourceVersionDate "2023.10.10"]
[SourceQuality "1"]

1. e4 c5 2. Nf3 Nc6 3. d4 cxd4 4. Nxd4 e5 5. Nxc6 bxc6 6. Bc4 Nf6 7. 0-0 Bc5 8. Bg5 h6 9. Bh4 0-0 10. Nc3 Be7 11. Qe2 d6 12. Kh1 Be6 13. Bxe6 fxe6 14. Qc4 Qc8 15. Rad1 d5 16. exd5 exd5 17. Qe2 Qc7 18. Bg3 Bd6 19. Rfe1 Rae8 20. f3 Rf7 21. Qd2 Rd7 22. Bh4 Re6 23. f4 e4 24. f5 Bf4 25. Qe2 Re8 26. Bxf6 gxf6 27. g3 Be5 28. Qd2 Kh7 29. Nxe4 Qd8 30. c3 Qe7 31. Nf2 Qg7 32. Qe2 Rde7 33. Qf3 Bc7 34. Rxe7 Rxe7 35. Ng4 Bb6 36. Rf1 Re4 37. Nf2 Re3 38. Qf4 Re2 39. Nd3 Re4 40. Qd2 Qe7 41. Nb4 Re2 42. Qf4 Re4 43. Qd2 Re2 44. Qf4 Re4 45. Qd2 1/2-1/2

[Event "Varese-ch"]
[Site "Varese"]
[Date "2012.11.05"]
[Round "5"]
[White "Virgilio, Gianluca"]
[Black "Colusso, Ermes"]
[Result "1/2-1/2"]
[WhiteElo "1838"]
[BlackElo "1692"]
[PlyCount "139"]
[EventDate "2012.10.08"]
[EventType "swiss"]
[EventRounds "6"]
[EventCountry "ITA"]
[SourceTitle "EXT 2014"]
[Source "ChessBase"]
[SourceDate "2013.11.20"]
[SourceVersion "1"]
[SourceVersionDate "2013.11.20"]
[SourceQuality "1"]

1. c4 Nf6 2. g3 g6 3. Bg2 Bg7 4. Nc3 c6 5. e4 d6 6. Nge2 0-0 7. 0-0 Nbd7 8. d4 Rb8 9. b4 Nb6 10. Qb3 Qc7 11. Bd2 Be6 12. d5 cxd5 13. cxd5 Bd7 14. b5 Nc4 15. Be1 Rfc8 16. Rc1 Qb6 17. a4 Ng4 18. Nb1 Na5 19. Qb2 Rxc1 20. Nxc1 Rc8 21. Ne2 Ne5 22. Bc3 Nac4 23. Nd2 Nxd2 24. Bxd2 Nd3 25. Be3 Qa5 26. Bd2 Qc7 27. Be3 Qc2 28. Qxc2 Rxc2 29. Nd4 Rc4 30. Rd1 Bxd4 31. Bxd4 Rxd4 32. Bf1 Rxe4 33. Rxd3 Rxa4 34. Rc3 Ra1 35. Kg2 a5 36. Rc7 Bf5 37. Be2 Ra3 38. f3 Ra2 39. Kf1 Rd2 40. Rxb7 Rxd5 41. Ra7 Bd3 42. Bxd3 Rxd3 43. Rxa5 Rb3 44. Ra7 Rxb5 45. Rxe7 Re5 46. Rd7 Re6 47. Kf2 Kg7 48. g4 h6 49. f4 Kf8 50. Kf3 Ke8 51. Ra7 d5 52. Ra8+ Ke7 53. Ra7+ Kf6 54. Ra5 Rd6 55. Ke3 Ke6 56. Kd4 f5 57. gxf5+ gxf5 58. Ra1 Rb6 59. Re1+ Kd6 60. Re5 Rb4+ 61. Ke3 Re4+ 62. Rxe4 dxe4 63. Kd4 h5 64. h4 Ke6 65. Kc4 Kd6 66. Kd4 Kc6 67. Kc4 e3 68. Kd3 e2 69. Kxe2 Kd5 70. Kd3 1/2-1/2

[Event "Varese-ch"]
[Site "Varese"]
[Date "2012.10.22"]
[Round "3"]
[White "Cova, Ennio"]
[Black "Colusso, Ermes"]
[Result "0-1"]
[WhiteElo "1690"]
[BlackElo "1692"]
[PlyCount "74"]
[EventDate "2012.10.08"]
[EventType "swiss"]
[EventRounds "6"]
[EventCountry "ITA"]
[SourceTitle "EXT 2014"]
[Source "ChessBase"]
[SourceDate "2013.11.20"]
[SourceVersion "1"]
[SourceVersionDate "2013.11.20"]
[SourceQuality "1"]

1. e4 c5 2. c3 e6 3. Nf3 d5 4. exd5 exd5 5. d4 Nc6 6. Be2 Bd6 7. 0-0 Nge7 8. Be3 Nf5 9. Bg5 f6 10. dxc5 Bxc5 11. Bf4 0-0 12. b4 Bb6 13. a4 a6 14. Nbd2 Be6 15. Qb3 Bc7 16. Bxc7 Qxc7 17. Bd3 Nd6 18. Rfe1 Qf7 19. Rac1 Rfe8 20. Qb1 g6 21. Nb3 Rad8 22. Nc5 Bf5 23. b5 axb5 24. axb5 Ne5 25. Nxe5 fxe5 26. Qb4 b6 27. Bxf5 bxc5 28. Bxg6 cxb4 29. Bxf7+ Kxf7 30. cxb4 Nxb5 31. Rc5 Nd4 32. Rb1 Re7 33. h3 Rb7 34. g4 Ke6 35. Kg2 Rdb8 36. f4 exf4 37. Re1+ Kd6 0-1

[Event "Varese Province-ch"]
[Site "Gallarate"]
[Date "2010.01.31"]
[Round "6"]
[White "Musso, Roberto"]
[Black "Colusso, Ermes"]
[Result "1-0"]
[WhiteElo "1762"]
[BlackElo "1693"]
[PlyCount "53"]
[EventDate "2010.01.23"]
[EventType "swiss"]
[EventRounds "6"]
[EventCountry "ITA"]
[SourceTitle "EXT 2024"]
[Source "ChessBase"]
[SourceDate "2023.10.10"]
[SourceVersion "1"]
[SourceVersionDate "2023.10.10"]
[SourceQuality "1"]

1. e4 c5 2. Nf3 d6 3. d4 cxd4 4. Nxd4 Nf6 5. Nc3 g6 6. Bc4 Bg7 7. f3 0-0 8. Be3 Nc6 9. Qd2 Bd7 10. 0-0-0 Qb8 11. a3 Rc8 12. Ba2 Ne5 13. h4 Nc4 14. Bxc4 Rxc4 15. h5 Nxh5 16. g4 Nf6 17. Qh2 b5 18. Nd5 Kf8 19. Nxf6 exf6 20. Bf4 Qb6 21. Bxd6+ Ke8 22. Nb3 Rac8 23. Qxh7 Rxc2+ 24. Kb1 Qxd6 25. Rxd6 Bf8 26. Rd3 b4 27. Rxd7 1-0

[Event "Varese Province-ch"]
[Site "Gallarate"]
[Date "2010.01.24"]
[Round "3"]
[White "Colusso, Ermes"]
[Black "Tomassoni, Leonardo"]
[Result "1/2-1/2"]
[WhiteElo "1693"]
[BlackElo "1937"]
[PlyCount "126"]
[EventDate "2010.01.23"]
[EventType "swiss"]
[EventRounds "6"]
[EventCountry "ITA"]
[SourceTitle "EXT 2024"]
[Source "ChessBase"]
[SourceDate "2023.10.10"]
[SourceVersion "1"]
[SourceVersionDate "2023.10.10"]
[SourceQuality "1"]

1. e4 c5 2. Nf3 d6 3. d4 cxd4 4. Nxd4 Nf6 5. Nc3 a6 6. Bg5 e5 7. Nb3 h6 8. Bh4 g5 9. Bg3 Be6 10. h4 g4 11. h5 Nbd7 12. Qd2 Be7 13. 0-0-0 Qc7 14. Kb1 0-0-0 15. Be2 Nc5 16. f3 gxf3 17. Bxf3 Qc6 18. Bh4 Qc7 19. Qe2 Rhg8 20. Nd5 Nxd5 21. exd5 Nxb3 22. axb3 Bf5 23. g4 Bh7 24. Rh3 Bxh4 25. Rxh4 Qe7 26. Rh2 e4 27. Qc4+ Kb8 28. Re2 Rc8 29. Qd4 Rge8 30. Rde1 Qc7 31. Qd2 e3 32. Qc1 Qc5 33. b4 Qxb4 34. Rxe3 Bxc2+ 35. Qxc2 Rxe3 36. Qxc8+ Kxc8 37. Rxe3 Qd4 38. Rc3+ Kd7 39. Kc2 b5 40. Rd3 Qf2+ 41. Kb3 a5 42. Kc3 Kc7 43. Bd1 Qe1+ 44. Rd2 Qe3+ 45. Kc2 b4 46. Kb1 a4 47. Rc2+ Kb6 48. Rc6+ Kb5 49. Rc1 b3 50. Rc3 Qd2 51. Bf3 Qe1+ 52. Rc1 Qe3 53. Bh1 a3 54. Rd1 Qe2 55. Rc1 Qd3+ 56. Ka1 Qd2 57. Rb1 Qc2 58. Bf3 axb2+ 59. Rxb2 Qc1+ 60. Rb1 Qc3+ 61. Rb2 Qc1+ 62. Rb1 Qc3+ 63. Rb2 Qc1+ 1/2-1/2